Ergonómia
Guardado en:
| Autores principales: | , |
|---|---|
| Formato: | Libro |
| Lenguaje: | eslovaco |
| Publicado: |
Košice :
Technická univerzita v Košiciach,
2010
|
| Colección: | Edícia študijnej literatúry
|
| Materias: | |
| Etiquetas: |
Sin Etiquetas, Sea el primero en etiquetar este registro!
|
MARC
| LEADER | 00000nam a22000003a 4500 | ||
|---|---|---|---|
| 001 | stu289384 | ||
| 005 | 20150617230300.7 | ||
| 008 | 140514s2010----xo------------------slo-d | ||
| 020 | |a 978-80-553-0538-7 | ||
| 040 | |a STU |b slo | ||
| 041 | 0 | |a slo | |
| 044 | |a xo | ||
| 080 | |a 331 | ||
| 100 | 1 | |a Kováč, Jozef |4 aut | |
| 245 | 1 | |a Ergonómia | |
| 260 | |a Košice : |b Technická univerzita v Košiciach, |c 2010 | ||
| 300 | |a 121 s | ||
| 650 | 7 | |a ergonómia |2 stusub | |
| 700 | 1 | |a Szombathyová, Edita |4 aut | |
| 830 | 0 | |a Edícia študijnej literatúry | |
| 996 | |b 284M085951 |c M*S-1615-1 |l MMST |s A |a 24 |w stu289384_0001 | ||